মুক্তিযুদ্ধে পুলিশের ভূমিকা / (Record no. 48468)
[ view plain ]
| 000 -LEADER | |
|---|---|
| fixed length control field | 01004nam a2200229 a 4500 |
| 001 - CONTROL NUMBER | |
| control field | 48468 |
| 003 - CONTROL NUMBER IDENTIFIER | |
| rucl marc code | BD-RjUL |
| 005 - DATE AND TIME OF LATEST TRANSACTION | |
| control field | 20211209054529.0 |
| 008 - FIXED-LENGTH DATA ELEMENTS--GENERAL INFORMATION | |
| fixed length control field | 160806s2000 bg ||||| |||| 00| 0 ben d |
| 020 ## - INTERNATIONAL STANDARD BOOK NUMBER | |
| International Standard Book Number | 9843108396 |
| Terms of availability | : Tk.850.00 |
| 035 ## - SYSTEM CONTROL NUMBER | |
| System control number | (BD-RjUL)48587 |
| 040 ## - CATALOGING SOURCE | |
| Original cataloging agency | BD-RjUL |
| Language of cataloging | ben |
| Transcribing agency | BD-RjUL |
| Modifying agency | BD-RjUL |
| 041 ## - LANGUAGE CODE | |
| Language code of text/sound track or separate title | ben |
| 082 ## - DEWEY DECIMAL CLASSIFICATION NUMBER | |
| Edition number | 23 |
| Classification number | 363.209549205 |
| Author mark and year | MUK 2000 |
| 245 10 - TITLE STATEMENT | |
| Title | মুক্তিযুদ্ধে পুলিশের ভূমিকা / |
| Statement of responsibility, etc. | সম্পাদনা এ এস এম সামছুল আরেফিন |
| 260 ## - PUBLICATION, DISTRIBUTION, ETC. (IMPRINT) | |
| Place of publication, distribution, etc. | ঢাকা : |
| Name of publisher, distributor, etc. | পুলিশ হেডকোয়ার্টার্স, |
| Date of publication, distribution, etc. | ২০০০ |
| 300 ## - PHYSICAL DESCRIPTION | |
| Pagination | ৯৩৬ পৃ. : |
| Illustrations | চিত্র ; |
| Size | ২৫ সেমি. |
| 650 ## - SUBJECT ADDED ENTRY--TOPICAL TERM | |
| Topical term or geographic name as entry element | পুলিশ সেবা |
| Geographic subdivision | বাংলাদেশ |
| Chronological subdivision | ১৯৭১- |
| 9 (RLIN) | 166314 |
| Topical term or geographic name as entry element | Police Service |
| Geographic subdivision | Bangladesh |
| Chronological subdivision | 1971- |
| 9 (RLIN) | 166315 |
| 700 ## - ADDED ENTRY--PERSONAL NAME | |
| Personal name | আরেফিন, এ এস এম সামছুল সম্পাদনা |
| 942 ## - ADDED ENTRY ELEMENTS (KOHA) | |
| Source of classification or shelving scheme | Dewey Decimal Classification |
| Koha item type | Books |
| Lost status | Source of classification or shelving scheme | Damaged status | Not for loan | Collection code | Permanent Location | Current Location | Shelving location | Date acquired | Source of acquisition | Cost, normal purchase price | Total Checkouts | Full call number | Date last seen | Date checked out | Copy number | Koha item type |
|---|---|---|---|---|---|---|---|---|---|---|---|---|---|---|---|---|
| Dewey Decimal Classification | Non-fiction | Central Library, University of Rajshahi | Central Library, University of Rajshahi | 15/03/2001 | Police Commissionar, Rajshshi. | 850.00 | 4 | B 363.209549205 MUK 2000 | 29/08/2024 | 28/07/2024 | C-2 | Books | ||||
| Dewey Decimal Classification | Non-fiction | Central Library, University of Rajshahi | Central Library, University of Rajshahi | 15/03/2001 | Police Commissionar, Rajshshi. | 850.00 | B 363.209549205 MUK 2000 | 14/08/2016 | C-3 | Books | ||||||
| Dewey Decimal Classification | Non-fiction | Central Library, University of Rajshahi | Central Library, University of Rajshahi | 15/03/2001 | Police Commissionar, Rajshshi. | 850.00 | B 363.209549205 MUK 2000 | 14/08/2016 | C-4 | Books | ||||||
| Dewey Decimal Classification | Non-fiction | Central Library, University of Rajshahi | Central Library, University of Rajshahi | 15/03/2001 | Police Commissionar, Rajshshi. | 850.00 | B 363.209549205 MUK 2000 | 22/11/2016 | C-5 | Books | ||||||
| Dewey Decimal Classification | Not For Loan | Non-fiction | Central Library, University of Rajshahi | Central Library, University of Rajshahi | Reading Room | 15/03/2001 | Police Commissionar, Rajshshi. | 850.00 | B 363.209549205 MUK 2000 | 21/12/2016 | C-1 | Books |